|
|
|
|
| LEADER |
00993nab a2200241 i 4500 |
| 001 |
misc67937 |
| 005 |
20240513082750.0 |
| 008 |
240208s2009 hu o 000 hun d |
| 040 |
|
|
|a SZTE Miscellanea Repozitórium
|b hun
|
| 041 |
|
|
|a hun
|
| 041 |
|
|
|a ger
|
| 100 |
2 |
|
|a Katona-Kiss Attila
|
| 245 |
1 |
2 |
|a A Kárpát-medencei bolgár térhódítás a 9. században
|h [elektronikus dokumentum] :
|b történeti észrevételek a régészet tükrében /
|c Katona-Kiss Attila
|
| 260 |
|
|
|a Wosinsky Mór Múzeum
|b Szekszárd
|c 2009
|
| 300 |
|
|
|a 37-56
|c 25 cm
|
| 300 |
|
|
|a [19] p.
|c 25 cm
|
| 490 |
0 |
|
|a A Wosinsky Mór Múzeum évkönyve = Jahrbuch des Wosinsky Mór Museums
|
| 561 |
|
|
|a Németh Gyula hagyaték
|
| 591 |
|
|
|a OA 6663
|
| 650 |
|
4 |
|a Bölcsészettudományok
|
| 650 |
|
4 |
|a Történettudomány és régészet
|
| 695 |
|
|
|a Bolgárok története - 9. sz., Kárpát-medence története - 9. sz.
|
| 856 |
4 |
0 |
|u http://misc.bibl.u-szeged.hu/67937/1/6663_oa.pdf
|z Dokumentum-elérés
|